Integrated plan of action for SME development span
Uloženo v:
| Korporativní autor: | |
|---|---|
| Médium: | Kniha |
| Jazyk: | angličtina |
| Vydáno: |
Singapur
APEC
1998
|
| Témata: | |
| Tagy: |
Přidat tag
Žádné tagy, Buďte první, kdo vytvoří štítek k tomuto záznamu!
|
MARC
| LEADER | 00000nam a2200000 a 4500 | ||
|---|---|---|---|
| 001 | UCN3861 | ||
| 003 | CL-VaPUC | ||
| 008 | 010713e19980000SI |||||||||||||||||eng|d | ||
| 082 | 0 | 4 | |a 337.1 |b APE |2 21 |
| 110 | 2 | |a APEC |e author |9 460445 | |
| 245 | 1 | 0 | |a Integrated plan of action for SME development span |
| 300 | |a 29 p | ||
| 942 | |c BK | ||
| 945 | |d 20010713 00:00:00 |a rbrito | ||
| 260 | |a Singapur |b APEC |c 1998 | ||
| 650 | 0 | |a Cooperación internacional |9 255447 | |
| 650 | 0 | |a Desarrollo económico |9 259599 | |
| 650 | 7 | |a TRANSFERENCIA INTERNACIONAL DE TECNOLOGIA |2 CL-VaPUC |9 337090 | |
| 583 | |a last modification |c 20130422 11:10:13 |k Rodrigo Vera | ||
| 999 | |c 296532 |d 296530 | ||
| 952 | |0 0 |1 0 |4 0 |6 337_100000000000000_APE_1998 |7 0 |8 A |9 350335 |a BIBGIM |b BIBGIM |d 2019-11-20 |i 3604292 |o 337.1 APE 1998 |p 3604292 |r 2025-01-15 |w 2019-11-20 |y BK |k ORI | ||